Valley Forge / (Record no. 33306)
[ view plain ]
| 000 -LEADER | |
|---|---|
| fixed length control field | 01548cam a2200397 a 4500 |
| 001 - CONTROL NUMBER | |
| control field | 13417555 |
| 003 - CONTROL NUMBER IDENTIFIER | |
| control field | OSt |
| 005 - DATE AND TIME OF LATEST TRANSACTION | |
| control field | 20140310184244.0 |
| 008 - FIXED-LENGTH DATA ELEMENTS--GENERAL INFORMATION | |
| fixed length control field | 031126s2004 nyua c b 000 0deng |
| 010 ## - LIBRARY OF CONGRESS CONTROL NUMBER | |
| LC control number | 2003068569 |
| 020 ## - INTERNATIONAL STANDARD BOOK NUMBER | |
| International Standard Book Number | 0439830133 |
| 040 ## - CATALOGING SOURCE | |
| Original cataloging agency | DLC |
| Transcribing agency | DLC |
| Modifying agency | DLC |
| 042 ## - AUTHENTICATION CODE | |
| Authentication code | lcac |
| 043 ## - GEOGRAPHIC AREA CODE | |
| Geographic area code | n-us-pa |
| -- | n-us--- |
| 050 00 - LIBRARY OF CONGRESS CALL NUMBER | |
| Classification number | E 234 |
| Item number | .Am46 2006 |
| 100 1# - MAIN ENTRY--PERSONAL NAME | |
| Personal name | Ammon, Richard. |
| 9 (RLIN) | 25977 |
| 245 10 - TITLE STATEMENT | |
| Title | Valley Forge / |
| Statement of responsibility, etc | by Richard Ammon ; illustrated by Bill Farnsworth. |
| 260 ## - PUBLICATION, DISTRIBUTION, ETC. (IMPRINT) | |
| Place of publication, distribution, etc | New York : |
| Name of publisher, distributor, etc | Scholastic Inc., |
| Date of publication, distribution, etc | 2006. |
| 300 ## - PHYSICAL DESCRIPTION | |
| Extent | 32 p. : |
| Other physical details | col. ill. ; |
| Dimensions | 29 cm. |
| 521 ## - TARGET AUDIENCE NOTE | |
| Target audience note | |
| 526 ## - STUDY PROGRAM INFORMATION NOTE | |
| Reading level | 1040 |
| 600 10 - SUBJECT ADDED ENTRY--PERSONAL NAME | |
| Personal name | Washington, George, |
| Dates associated with a name | 1732-1799 |
| General subdivision | Headquarters |
| Geographic subdivision | Pennsylvania |
| -- | Valley Forge |
| Form subdivision | Juvenile literature. |
| 9 (RLIN) | 25978 |
| 610 10 - SUBJECT ADDED ENTRY--CORPORATE NAME | |
| Corporate name or jurisdiction name as entry element | United States. |
| Subordinate unit | Continental Army |
| General subdivision | Military life |
| Form subdivision | Juvenile literature. |
| 9 (RLIN) | 25979 |
| 610 11 - SUBJECT ADDED ENTRY--CORPORATE NAME | |
| Corporate name or jurisdiction name as entry element | United States. |
| Subordinate unit | Continental Army |
| General subdivision | Military life. |
| 9 (RLIN) | 25980 |
| 651 #0 - SUBJECT ADDED ENTRY--GEOGRAPHIC NAME | |
| Geographic name | Valley Forge (Pa.) |
| General subdivision | History |
| Chronological subdivision | 18th century |
| Form subdivision | Juvenile literature. |
| 9 (RLIN) | 25981 |
| 651 #0 - SUBJECT ADDED ENTRY--GEOGRAPHIC NAME | |
| Geographic name | United States |
| General subdivision | History |
| Chronological subdivision | Revolution, 1775-1783 |
| Form subdivision | Juvenile literature. |
| 9 (RLIN) | 25982 |
| 651 #1 - SUBJECT ADDED ENTRY--GEOGRAPHIC NAME | |
| Geographic name | United States |
| General subdivision | History |
| Chronological subdivision | Revolution, 1775-1783 |
| General subdivision | Campaigns. |
| 9 (RLIN) | 25983 |
| 651 #1 - SUBJECT ADDED ENTRY--GEOGRAPHIC NAME | |
| Geographic name | Valley Forge (Pa.) |
| 9 (RLIN) | 25984 |
| 700 1# - ADDED ENTRY--PERSONAL NAME | |
| Personal name | Farnsworth, Bill, |
| Relator term | ill. |
| 9 (RLIN) | 25985 |
| 906 ## - LOCAL DATA ELEMENT F, LDF (RLIN) | |
| a | 7 |
| b | cbc |
| c | orignew |
| d | 1 |
| e | ocip |
| f | 20 |
| g | y-gencatlg |
| 942 ## - ADDED ENTRY ELEMENTS (KOHA) | |
| Source of classification or shelving scheme | Library of Congress Classification |
| Koha item type | |
| Withdrawn status | Lost status | Source of classification or shelving scheme | Damaged status | Home library | Current library | Shelving location | Date acquired | Total Checkouts | Full call number | Barcode | Date last seen | Copy number | Price effective from | Koha item type |
|---|---|---|---|---|---|---|---|---|---|---|---|---|---|---|
| Library of Congress Classification | Luxembourg Library | Luxembourg Library | Scholastic Reading Center Section | 04/11/2012 | E 234 .Am46 2006 | LEX1507 | 04/18/2017 | 1 | 01/30/2014 | Books | ||||
| Library of Congress Classification | Luxembourg Library | Luxembourg Library | Scholastic Reading Center Section | 10/08/2013 | E 234 .Am46 2006 | LEX1508 | 04/18/2017 | 2 | 10/08/2013 | Books | ||||
| Library of Congress Classification | Luxembourg Library | Luxembourg Library | Scholastic Reading Center Section | 10/16/2013 | E 234 .Am46 2006 | SCHO0246 | 04/18/2017 | 3 | 10/16/2013 | Books |